Causes of Death – Sudden Death - Statistics

General Stats
  • This quiz has been taken 2,885 times
  • The average score is 2 of 16
Answers on the Grid
Answers color-coded by a green-red scale on the quiz's grid according to % correct below.
Tuberculosis
Lower respiratory infection
Upper respiratory infection
Diarrhoea
Typhoid
HIV/AIDS
Syphilis
Malaria
Dengue
Rabies
Ebola
Meningitis
Tetanus
Acute hepatitis
Premature birth
Neonatal encephalopathy
Maternal disorder
Nutritional deficiency
Ischaemic heart disease
Intracerebral hemorrhage
Subarachnoid hemorrhage
Hypertensive heart disease
Myocarditis
Tumorous cancer
Leukaemia
Chronic obstructive pulmonary disease
Asbestosis
Asthma
Neurological disorder
Substance abuse
Type 1 diabetes
Type 2 diabetes
Down syndrome
Pedestrian accident
Falling
Poisoning
Firearm accident
Self-harm
Shark attack
Execution
 
Answer Stats
Answer % Correct
Tuberculosis
64%
HIV/AIDS
41%
Malaria
22%
Lower respiratory infection
15%
Diarrhoea
11%
Self-harm
9%
Tumorous cancer
9%
Type 2 diabetes
6%
Hypertensive heart disease
5%
Premature birth
5%
Ischaemic heart disease
4%
Falling
3%
Chronic obstructive pulmonary disease
2%
Intracerebral hemorrhage
1%
Neonatal encephalopathy
1%
Neurological disorder
1%
No matching quizzes found
Score Distribution
Percent of People with Each Score
Percentile by Number Answered
Your Score History
You have not taken this quiz